000 00442nam a2200181Ia 4500
008 210719s2004 xx 000 0 und d
020 _a81-7445-258-3
041 _aeng
082 _a304.8 LOBM
100 _aLOBO (Norbert)
245 _aMigration and migrants
260 _aND
_bMohit Publications.
_c2004
300 _bHB
365 _b550
_cRs
650 _aMigration
650 _aPopulation
906 _aand ; migrants ; Migration
999 _c214641
_d214641